| 000 | 00000nam 2200000za 4500 |
| 001 | 9.642604 |
| 003 | CaOODSP |
| 005 | 20210624223802 |
| 007 | cr ||||||||||| |
| 008 | 150407s2014 oncbo #o f000 0 fre d |
| 020 | |a978-0-660-21444-3 |
| 040 | |aCaOODSP|bfre |
| 043 | |an-cn--- |
| 086 | 1 |aCW66-352/2015F-PDF |
| 245 | 00|aRéserve nationale de faune de l'Île Portage |h[ressource électronique]. |
| 260 | |aOttawa : |bEnvironnement Canada, |cc2014. |
| 300 | |a1 p. : |bcarte, photographies |
| 500 | |aPubl. aussi en format HTML. |
| 500 | |aLe n° de catalogue CW66-352/2013F-PDF est imprimé dans cette publication. |
| 692 | 07|2gccst|aGestion de la faune |
| 692 | 07|2gccst|aAire de conservation |
| 710 | 2 |aService canadien de la faune. |
| 775 | 08|tPortage Island National Wildlife Area |w(CaOODSP)9.698597 |
| 776 | 0#|tPortage Island National Wildlife Area |w(CaOODSP)9.674045 |
| 776 | 0#|tRéserve nationale de faune de l'Île Portage |w(CaOODSP)9.674046 |
| 856 | 40|qPDF|s560 Ko|uhttps://publications.gc.ca/collections/collection_2015/ec/CW66-352-2015-fra.pdf |
| 856 | 4 |qHTML|sS.O.|uhttps://www.canada.ca/fr/environnement-changement-climatique/services/reserves-nationales-faune/existantes/ile-portage/depliant.html |